| 000 | 00464nam a2200157 4500 | ||
|---|---|---|---|
| 999 |
_c1855 _d1855 |
||
| 008 | 160419b xxu||||| |||| 00| 0 eng d | ||
| 020 | _a9789710445349 | ||
| 082 |
_22008 _aDFil 512.9 _bSi7c |
||
| 100 |
_95914 _aSirug, Winston S. |
||
| 245 |
_aCollege algebra/ _cWinston S. Sirug. |
||
| 260 |
_aManila: _bMindshapers Co., _cc2008. |
||
| 300 |
_ax, 396 pages: _billustrations; _c26 cm. |
||
| 500 | _aIncludes index. | ||
| 650 | 0 |
_95915 _aAlgebra |
|
| 942 |
_2ddc _cDFIL |
||